000 01655cam a2200241 4500
001 ##L131152
008 051004n2005 000 0 eng u
035 _a(Sirsi) u131152
041 0 _aeng
050 0 4 _a614.83 $2 18
110 1 _aUnited Kingdom
_bDepartment for Environment, Food and Rural Affairs
245 0 0 _aConsultation on proposals for amendments to waste management licensing exemptions relating to hazardous waste
260 _aLondon
_bDEFRA
_c2005
520 _aSeeks comments on the proposed changes to the existing waste management licensing exemptions relating to hazardous waste in England and Wales. On 12 October 2004 the European Court of Justice declared against the United Kingdom for failure to fulfil its obligations under the hazardous waste directive (Directive 91/689/EEC). The consultation proposes changes that fully meet the requirements of the directive and together with the Hazardous Waste (England and Wales) Regulations 2005 and the Hazardous Waste (Wales) Regulations 2005 that will complete the full transposition of the directive in England and Wales. Responses are required by 16 December 2005.
520 _aItem not found when searched for on DEFRA website 12/9/2011
590 _aIKA111005
650 2 4 _aHAZARDOUS WASTE (ENGLAND AND WALES) REGULATIONS 2005
650 2 4 _aHAZARDOUS WASTE (WALES) REGULATIONS 2005
650 2 4 _aDIRECTIVE 91/689/EEC
690 _aENVIRONMENTAL AND LAND CONSULTANCY-WASTE MANAGEMENT-HAZARDOUS WASTE TREATMENT
856 4 0 _uhttps://www.defra.gov.uk/corporate/consult/hazwaste/index.htm
_zView the consultation paper free of charge at www.defra.gov.uk..
942 _n0
999 _c104650
_d104650